Statistics for Every FA Cup Final Scorer This Century

Click here to take the quiz!

General Stats

  • This quiz has been taken 21 times
  • The average score is 9 of 39

Answer Stats

YearAnswer% Correct
2006Steven Gerrard
74%
2007 | 2009 | 2010 | 2012Didier Drogba
68%
2009Frank Lampard
68%
2018Eden Hazard
53%
2001Michael Owen
53%
2015Olivier Giroud
47%
2004Cristiano Ronaldo
47%
2004Ruud Van Nistelrooy
42%
2008Kanu
26%
2016Jesse Lingard
21%
2011Yaya Toure
21%
2013Ben Watson
21%
2015 | 2017Alexis Sanchez
16%
2014 | 2017Aaron Ramsey
16%
2014Laurent Koscielny
11%
2014Santi Cazorla
11%
2015Per Mertesacker
11%
2016Juan Mata
11%
2014Curtis Davies
11%
2012Ramires
11%
2003Robert Pires
11%
2009Louis Saha
11%
2012Andy Carroll
5%
2006Paul Konchesky
5%
2006Dean Ashton
5%
2006Djibril Cisse
5%
2015Theo Walcott
5%
2016Jason Puncheon
5%
2017Diego Costa
5%
2014James Chester
0%
2002Freddie Ljunberg
0%
2002Ray Parlour
0%
2001Freddie Ljungberg
0%
2000Roberto Di Matteo
0%

Score Distribution

Percentile by Number Answered

Percent of People with Each Score

Your Score History

You have not taken this quiz